Развитие электроэнергетики союзных республик: сборник статей

Бібліографічні деталі
Інші автори: Непорожний П. С. Петр Степанович (редактор)
Мова:Російська
Опубліковано: Москва, Энергоатомиздат, 1982
Серія:60 лет СССР
Предмети:
Формат: Книга
KOHA link:https://koha.lib.tpu.ru/cgi-bin/koha/opac-detail.pl?biblionumber=300100

MARC

LEADER 00000nam0a2200000 4500
001 300100
005 20231102001252.0
020 |a RU  |b 82-90891 
035 |a (RuTPU)RU\TPU\book\325253 
090 |a 300100 
100 |a 20150707d1982 km y0rusy5003 ca 
101 0 |a rus 
102 |a RU 
105 |a a z 010zy 
200 1 |a Развитие электроэнергетики союзных республик  |e сборник статей  |f под ред. П. С. Непорожнего 
210 |a Москва  |c Энергоатомиздат  |d 1982 
215 |a 208 с.  |c ил. 
225 1 |a 60 лет СССР 
606 1 |a Электроэнергетика  |2 stltpush  |3 (RuTPU)RU\TPU\subj\21036  |9 46086 
610 1 |a энергетика 
610 1 |a СССР 
610 1 |a республики 
610 1 |a Госплан 
610 1 |a электрификация 
675 |a 621.311  |v 3 
702 1 |a Непорожний  |b П. С.  |g Петр Степанович  |4 340 
801 0 |a RU  |b RuMRKP  |c 19950704  |g psbo 
801 1 |a RU  |b 63413507  |c 20150707 
801 2 |a RU  |b 63413507  |c 20190211  |g RCR 
942 |c BK